00269nam a22001217a 4500003000400000082001800004100002200022245001700044260004400061300000800105650001700113653001700130SGT a617.632bT21K aKaur, KeeratPreet aThe facelift aGurugram, HaryanabSGT Universityc2021 a108 aOral Surgery aOral Surgery